000 00221 a2200097 4500
001 23834
100 _aSemat, H
245 _aCollege Physics : A Programmed Aid
260 _a
_bHolt Rinehart
_c1967
090 _c16147
_d16147
942 _aNUST-CAE
_cM
_c6833
999 _c258907
_d258907